000 00697cam a2200229 a 4500
001 000013383
003 DO-SdBNP
005 20250527113226.0
008 911016s1991 ve a 001 0 spa d
020 _a9806073053
040 _aDO-SdBNP
_bspa
_cBNPHU
082 4 _a330.987
_bS211j
_222
100 1 _aSánchez, Enrique,
_q(Sánchez S.)
_930620
245 1 0 _aJoven, empresario es ... /
_cEnrique Sánchez.
260 _a[Caracas] :
_bCedice,
_c1991.
300 _a192 p. :
_bil. ;
_c22 cm.
650 0 _aAdministración industrial
_95872
650 4 _aEmpresas
_xVenezuela
_930622
651 7 _aVenezuela
_xCondiciones económicas
_97472
910 _aCatalogación derivada
942 _2ddc
_cLBS1
999 _c13009
_d13009